[Event "Sarajevo Bosna op-B 44th"]
[Site "Sarajevo"]
[Date "2014.06.05"]
[Round "8"]
[White "Simic, Zeljko"]
[Black "Jelecevic, Ivo"]
[Result "1-0"]
[WhiteElo "2261"]
[BlackElo "2153"]
[PlyCount "89"]
[EventDate "2014.05.30"]
[EventType "swiss"]
[EventRounds "9"]
[EventCountry "BIH"]
[SourceTitle "CBM 160 Extra"]
[Source "ChessBase"]
[SourceDate "2014.07.01"]
[SourceVersion "1"]
[SourceVersionDate "2014.07.01"]
[SourceQuality "1"]

1. e4 c5 2. Nf3 d6 3. d4 cxd4 4. Nxd4 Nf6 5. Nc3 Nc6 6. Bc4 Qb6 7. Nb3 e6 8. 0-0 a6 9. Bg5 Ne5 10. Be2 Be7 11. Kh1 Qc7 12. f4 Nc4 13. Bxc4 Qxc4 14. e5 dxe5 15. fxe5 Nd5 16. Nxd5 Qxd5 17. Qh5 g6 18. Qh4 Qd8 19. Qf4 0-0 20. Bf6 Re8 21. Nd2 Qc7 22. Bxe7 Qxe7 23. Ne4 Kg7 24. Nf6 Rd8 25. Ng4 g5 26. Qe3 Bd7 27. Rf6 Rg8 28. Raf1 Raf8 29. Nh6 Be8 30. Qh3 Kh8 31. Nxg8 Rxg8 32. Qd3 Qc7 33. Rh6 Rg7 34. Re1 Qa5 35. c3 Qxa2 36. Qd8 Qa4 37. Rh5 g4 38. b3 Qc6 39. c4 Rg6 40. Qh4 Rg7 41. Qf6 Kg8 42. Rg5 Rg6 43. Rxg6+ hxg6 44. Rd1 Qe4 45. Qe7 1-0

[Event "Sarajevo Bosna op-B 44th"]
[Site "Sarajevo"]
[Date "2014.06.02"]
[Round "5"]
[White "Simic, Zeljko"]
[Black "Turk, Karlo"]
[Result "1/2-1/2"]
[WhiteElo "2261"]
[BlackElo "2154"]
[PlyCount "129"]
[EventDate "2014.05.30"]
[EventType "swiss"]
[EventRounds "9"]
[EventCountry "BIH"]
[SourceTitle "CBM 160 Extra"]
[Source "ChessBase"]
[SourceDate "2014.07.01"]
[SourceVersion "1"]
[SourceVersionDate "2014.07.01"]
[SourceQuality "1"]

1. e4 c5 2. c3 Nf6 3. e5 Nd5 4. Nf3 d6 5. exd6 Qxd6 6. d4 cxd4 7. Nxd4 a6 8. c4 Nb4 9. Be3 e5 10. Nc2 Qxd1+ 11. Kxd1 Nxc2 12. Kxc2 Nc6 13. a3 Bf5+ 14. Bd3 Bxd3+ 15. Kxd3 0-0-0+ 16. Kc2 Nd4+ 17. Bxd4 Rxd4 18. Kb3 Bc5 19. Nc3 Rhd8 20. Rae1 f6 21. Re2 Kc7 22. Rc1 Kc6 23. Ne4 a5 24. Rc3 b6 25. Rg3 R8d7 26. Rh3 h6 27. Rf3 Rd3+ 28. Rxd3 Rxd3+ 29. Nc3 Bd6 30. Kc2 Rd4 31. b3 Rh4 32. h3 Bxa3 33. Nb5 Bb4 34. f3 h5 35. Re3 a4 36. bxa4 Rxc4+ 37. Kb3 Bc5 38. Re4 Rxe4 39. fxe4 h4 40. Kc4 g6 41. Na7+ Kb7 42. Nb5 f5 43. a5 fxe4 44. axb6 e3 45. Nc3 Bd4 46. Ne2 Kxb6 47. Ng1 Kc6 48. Ne2 Kd6 49. Kd3 Kd5 50. Ng1 e4+ 51. Kc2 Ke6 52. Ne2 Bb6 53. Kc3 Kd5 54. Nf4+ Kc5 55. Kc2 Bc7 56. Nxg6 Bg3 57. Kd1 Kd6 58. Ke2 Ke6 59. Kxe3 Kf5 60. Ne7+ Ke6 61. Nc6 Kd5 62. Nb4+ Ke5 63. Nc6+ Kd5 64. Nb4+ Ke5 65. Nc6+ 1/2-1/2

[Event "Belgrade City-chT"]
[Site "Belgrade"]
[Date "2013.11.14"]
[Round "10"]
[White "Svicevic, Rastko"]
[Black "Simic, Zeljko"]
[Result "1-0"]
[WhiteElo "2272"]
[BlackElo "2271"]
[PlyCount "69"]
[EventDate "2013.10.26"]
[EventType "team-tourn"]
[EventRounds "11"]
[EventCountry "SRB"]
[SourceTitle "EXT 2015"]
[Source "ChessBase"]
[SourceDate "2014.11.20"]
[SourceVersion "1"]
[SourceVersionDate "2014.11.20"]
[SourceQuality "1"]

1. e4 c5 2. Nc3 e6 3. f4 Nc6 4. Nf3 d5 5. Bb5 a6 6. Bxc6+ bxc6 7. e5 c4 8. b3 cxb3 9. axb3 Nh6 10. 0-0 Nf5 11. d4 c5 12. g4 cxd4 13. Nxd4 Nh4 14. Na4 Bd7 15. f5 h5 16. h3 hxg4 17. fxe6 Bxe6 18. Nxe6 fxe6 19. Qxg4 Nf5 20. Rxf5 exf5 21. Qg6+ Kd7 22. Nb6+ Kc7 23. Nxa8+ Qxa8 24. Rxa6 Bc5+ 25. Kh2 Qe8 26. Qxg7+ Kb8 27. e6 Rh4 28. Qg3+ Kb7 29. Qxh4 Qb5 30. Qe1 Kxa6 31. e7 Qb8+ 32. Kg2 Qg8+ 33. Kf3 Qe8 34. Qe6+ Kb5 35. Bg5 1-0

[Event "Belgrade City-chT"]
[Site "Belgrade"]
[Date "2013.11.13"]
[Round "9"]
[White "Cosovic, Ivan"]
[Black "Simic, Zeljko"]
[Result "0-1"]
[WhiteElo "2023"]
[BlackElo "2271"]
[PlyCount "122"]
[EventDate "2013.10.26"]
[EventType "team-tourn"]
[EventRounds "11"]
[EventCountry "SRB"]
[SourceTitle "EXT 2015"]
[Source "ChessBase"]
[SourceDate "2014.11.20"]
[SourceVersion "1"]
[SourceVersionDate "2014.11.20"]
[SourceQuality "1"]

1. e4 c5 2. Nc3 a6 3. g3 b5 4. Bg2 Bb7 5. f4 g6 6. d3 Bg7 7. Nf3 d6 8. 0-0 e6 9. f5 e5 10. Ng5 Bf6 11. fxg6 hxg6 12. Qf3 Qe7 13. Nd5 Bxd5 14. exd5 Nd7 15. Ne4 Rh7 16. h4 Bh8 17. Ng5 Rg7 18. Ne6 Ra7 19. Nxg7+ Bxg7 20. a4 b4 21. a5 Bh6 22. h5 Nf8 23. Bxh6 Nxh6 24. Bh3 Qg5 25. Kg2 f5 26. Rae1 Rf7 27. Qe3 Qxh5 28. d4 cxd4 29. Qxd4 Rc7 30. c3 bxc3 31. bxc3 Nd7 32. Qb4 Nf7 33. g4 Qg5 34. Kh2 Qd2+ 35. Bg2 Rxc3 36. Kg1 f4 37. Qxf4 Qxf4 38. Rxf4 Ng5 39. Ra4 Ke7 40. Kf2 Nc5 41. Rd4 Nd3+ 42. Rxd3 Rxd3 43. Rb1 e4 44. Rb7+ Kf6 45. Rb6 Ke5 46. Rxa6 Rxd5 47. Bf1 Kf4 48. Be2 e3+ 49. Kf1 Ne4 50. Ra8 Ng3+ 51. Ke1 Nxe2 52. Kxe2 Rd2+ 53. Ke1 Ra2 54. a6 Kf3 55. Rf8+ Ke4 56. Rf6 Rxa6 57. Rxg6 Ra1+ 58. Ke2 Ra2+ 59. Ke1 d5 60. Rf6 d4 61. g5 d3 0-1

[Event "Belgrade City-chT"]
[Site "Belgrade"]
[Date "2013.11.09"]
[Round "5"]
[White "Rajkovic, Danilo"]
[Black "Simic, Zeljko"]
[Result "1/2-1/2"]
[WhiteElo "2208"]
[BlackElo "2271"]
[PlyCount "125"]
[EventDate "2013.10.26"]
[EventType "team-tourn"]
[EventRounds "11"]
[EventCountry "SRB"]
[SourceTitle "EXT 2015"]
[Source "ChessBase"]
[SourceDate "2014.11.20"]
[SourceVersion "1"]
[SourceVersionDate "2014.11.20"]
[SourceQuality "1"]

1. Nf3 Nf6 2. c4 g6 3. Nc3 Bg7 4. e4 d6 5. d4 0-0 6. Be2 e5 7. 0-0 Nc6 8. Be3 Ng4 9. Bg5 f6 10. Bh4 h5 11. h3 Nh6 12. dxe5 dxe5 13. Qb3 g5 14. Bg3 g4 15. Rad1 Qe8 16. hxg4 hxg4 17. Nh4 Rf7 18. Nd5 Bf8 19. Qe3 Kh7 20. c5 Be6 21. Bb5 a6 22. Ba4 Bg7 23. Rd3 Qf8 24. Qc1 Rd8 25. Rfd1 Nd4 26. Rxd4 exd4 27. Nf4 Re7 28. Nhg6 Qf7 29. Nxe7 Qxe7 30. Nxe6 Qxe6 31. Bxc7 Rc8 32. Bb6 g3 33. fxg3 Ng4 34. Qf4 Bh6 35. Qf5+ Qxf5 36. exf5 Be3+ 37. Kf1 Nf2 38. Re1 Ne4 39. Ke2 Nxc5 40. Rh1+ Kg7 41. Bxc5 Rxc5 42. g4 a5 43. Kd3 b5 44. Bc2 a4 45. a3 Rc8 46. Bb1 Bc1 47. b3 Be3 48. bxa4 bxa4 49. Ke4 Rc3 50. g5 Bxg5 51. Kxd4 Rxa3 52. Be4 Bf4 53. Bd5 Be5+ 54. Kc4 Ra2 55. Rd1 Rf2 56. Kb4 Rf4+ 57. Kb5 Kh6 58. Be6 Kg5 59. Rd3 Bb2 60. Rg3+ Kh4 61. Rg8 Re4 62. Ra8 a3 63. Ra4 1/2-1/2

[Event "BIH-chT Cup"]
[Site "Banja Vrucica"]
[Date "2013.08.11"]
[Round "2"]
[White "Babic, Drasko"]
[Black "Simic, Zeljko"]
[Result "1/2-1/2"]
[WhiteElo "2283"]
[BlackElo "2284"]
[PlyCount "22"]
[EventDate "2013.08.10"]
[EventType "team-tourn"]
[EventRounds "9"]
[EventCountry "BIH"]
[SourceTitle "CBM 155 Extra"]
[Source "ChessBase"]
[SourceDate "2013.08.26"]
[SourceVersion "1"]
[SourceVersionDate "2013.08.26"]
[SourceQuality "1"]

1. e4 e5 2. Nf3 Nc6 3. Bb5 a6 4. Ba4 Nf6 5. 0-0 b5 6. Bb3 Be7 7. Re1 0-0 8. c3 d6 9. h3 Bb7 10. d4 Na5 11. Bc2 c5 1/2-1/2

[Event "Srpska Republic-chT 1st League"]
[Site "Banja Vrucica"]
[Date "2011.08.06"]
[Round "1"]
[White "Simic, Zeljko"]
[Black "Savic, Petar A"]
[Result "1-0"]
[WhiteElo "2302"]
[BlackElo "2054"]
[PlyCount "132"]
[EventDate "2011.08.06"]
[EventType "team-tourn"]
[EventRounds "9"]
[EventCountry "BIH"]
[SourceTitle "EXT 2019"]
[Source "ChessBase"]
[SourceDate "2018.10.10"]
[SourceVersion "1"]
[SourceVersionDate "2018.10.10"]
[SourceQuality "1"]

1. e4 d6 2. d4 Nf6 3. Nc3 g6 4. g3 Bg7 5. Bg2 c6 6. Nge2 0-0 7. 0-0 Qc7 8. a4 a5 9. h3 Na6 10. Bg5 h6 11. Be3 Rb8 12. Qd2 Kh7 13. f4 Nb4 14. e5 Nfd5 15. Nxd5 Nxd5 16. Bf2 Bd7 17. Kh2 Ra8 18. Ng1 f6 19. exf6 Nxf6 20. Rfe1 Rfe8 21. Re2 Rad8 22. Rae1 Bc8 23. Nf3 b6 24. Nh4 Ba6 25. Re6 Bc4 26. d5 cxd5 27. b3 Ba6 28. c4 Bc8 29. Bxd5 Nxd5 30. Qxd5 Bf6 31. Qd3 Rg8 32. R6e2 e5 33. Ng2 Bf5 34. Qe3 Rb8 35. g4 Bd7 36. Bg3 Rbe8 37. Qd2 Bc6 38. Ne3 exf4 39. Bxf4 Be5 40. Bxe5 Rxe5 41. Nd5 Bxd5 42. Rxe5 dxe5 43. Qxd5 Re8 44. Kg2 Qe7 45. Rd1 Qg7 46. Qe4 Qc7 47. Rd5 Re7 48. h4 Kg7 49. h5 Re6 50. hxg6 Rxg6 51. Rxe5 Qc6 52. Re7+ Kf8 53. Qxc6 Rxc6 54. Rb7 Ke8 55. Kf3 Kd8 56. Ke4 Kc8 57. Rg7 Rd6 58. Re7 Kd8 59. Rf7 Ke8 60. Rg7 Kd8 61. Ke5 Rd3 62. Rg6 Kc7 63. Rxh6 Rxb3 64. g5 Re3+ 65. Kd5 Rd3+ 66. Ke4 Rc3 1-0

[Event "Senta op-A 12th"]
[Site "Senta"]
[Date "2008.07.25"]
[Round "9"]
[White "Simic, Zeljko"]
[Black "Geleta, Jovan"]
[Result "1/2-1/2"]
[WhiteElo "2277"]
[BlackElo "2201"]
[PlyCount "65"]
[EventDate "2008.07.18"]
[EventType "swiss"]
[EventRounds "9"]
[EventCountry "YUG"]
[SourceTitle "CBM 125 Extra"]
[Source "ChessBase"]
[SourceDate "2008.09.01"]
[SourceVersion "1"]
[SourceVersionDate "2008.09.01"]
[SourceQuality "1"]

1. e4 e5 2. Nf3 Nc6 3. Bc4 Nf6 4. d4 exd4 5. e5 d5 6. Bb5 Ne4 7. Nxd4 Bd7 8. Bxc6 bxc6 9. 0-0 Be7 10. f3 Nc5 11. Be3 0-0 12. Nc3 Re8 13. Bf2 Bf8 14. Re1 Rb8 15. Nb3 Ne6 16. Bxa7 Rb4 17. a3 Rh4 18. Bf2 Rh6 19. Qd2 Rg6 20. Kh1 f5 21. Ne2 Be7 22. f4 Qa8 23. Ned4 Rb8 24. Nxe6 Bxe6 25. Nd4 Rxb2 26. Qc3 c5 27. Qxb2 cxd4 28. Rab1 Kf7 29. Bxd4 c5 30. c3 cxd4 31. cxd4 Bd7 32. Qc2 Rc6 33. Qd3 1/2-1/2

[Event "Bar op-B"]
[Site "Bar"]
[Date "2008.03.29"]
[Round "1"]
[White "Misovic, Sanja"]
[Black "Simic, Zeljko"]
[Result "0-1"]
[WhiteElo "1892"]
[BlackElo "2239"]
[PlyCount "81"]
[EventDate "2008.03.29"]
[EventType "swiss"]
[EventRounds "9"]
[EventCountry "YUG"]
[SourceTitle "CBM 123 Extra"]
[Source "ChessBase"]
[SourceDate "2008.05.06"]
[SourceVersion "1"]
[SourceVersionDate "2008.05.06"]
[SourceQuality "1"]

1. d4 Nf6 2. c4 g6 3. Nc3 Bg7 4. e4 0-0 5. f3 d6 6. Bg5 c6 7. Qd2 a6 8. a4 a5 9. Nge2 Na6 10. Nc1 Nb4 11. Nd3 Nd7 12. Be3 f5 13. exf5 gxf5 14. Be2 e5 15. dxe5 Nxe5 16. Nf4 Ng6 17. Rd1 Qe7 18. 0-0 Re8 19. Kf2 Nc2 20. Bb6 Nxf4 21. Qxf4 Ra6 22. c5 Rxb6 23. cxb6 Bxc3 24. Bc4+ d5 25. Bxd5+ cxd5 26. bxc3 Qc5+ 27. Kg3 Re6 28. Rd2 Ne3 29. Rc1 Rg6+ 30. Kh3 Qd6 31. Qxd6 f4+ 32. Kh4 Nf5+ 33. Kh5 Nxd6 34. Rxd5 Nf7 35. Kh4 Rxg2 36. Rh1 Be6 37. Rxa5 Kg7 38. Rc5 Kf6 39. Rc7 Ne5 40. Rxb7 Rg5 41. Rf1 0-1

[Event "Senta op-A 11th"]
[Site "Senta"]
[Date "2007.07.26"]
[Round "7"]
[White "Mikanovic, Sandro"]
[Black "Simic, Zeljko"]
[Result "1/2-1/2"]
[WhiteElo "2138"]
[BlackElo "2251"]
[PlyCount "54"]
[EventDate "2007.07.21"]
[EventType "swiss"]
[EventRounds "9"]
[EventCountry "YUG"]
[SourceTitle "CBM 119 Extra"]
[Source "ChessBase"]
[SourceDate "2007.09.04"]
[SourceVersion "1"]
[SourceVersionDate "2007.09.04"]
[SourceQuality "1"]

1. d4 Nf6 2. Nf3 g6 3. g3 Bg7 4. Bg2 0-0 5. 0-0 d6 6. c4 Nbd7 7. Nc3 c6 8. Qc2 e5 9. Rd1 Qc7 10. b3 exd4 11. Nxd4 Nc5 12. Bb2 a5 13. Rac1 Re8 14. e4 Bd7 15. h3 Re7 16. Nde2 Rae8 17. f3 Nh5 18. g4 Nf6 19. Qd2 Bc8 20. Kh1 Qb6 21. Qf4 d5 22. Na4 Nxa4 23. Bxf6 Bxf6 24. Qxf6 Qf2 25. Nf4 dxe4 26. Nh5 gxh5 27. Qg5+ Kh8 1/2-1/2

[Event "Bar op"]
[Site "Bar"]
[Date "2007.04.06"]
[Round "8"]
[White "Simic, Zeljko"]
[Black "Milchev, Nikolay"]
[Result "1/2-1/2"]
[WhiteElo "2225"]
[BlackElo "2348"]
[PlyCount "90"]
[EventDate "2007.03.30"]
[EventType "swiss"]
[EventRounds "9"]
[EventCountry "YUG"]
[SourceTitle "CBM 117 Extra"]
[Source "ChessBase"]
[SourceDate "2007.05.09"]
[SourceVersion "1"]
[SourceVersionDate "2007.05.09"]
[SourceQuality "1"]

1. e4 e5 2. Nf3 Nf6 3. Nc3 Bb4 4. a3 Bxc3 5. dxc3 d6 6. Qd3 Nbd7 7. b4 Nf8 8. Bb2 Ng6 9. g3 0-0 10. Bg2 Bg4 11. Nd2 Qd7 12. c4 Rad8 13. Nb3 b6 14. 0-0 Nh5 15. c5 Bh3 16. Qf3 Bxg2 17. Kxg2 Nhf4+ 18. Kh1 Ne6 19. h4 Qc6 20. cxb6 cxb6 21. Rac1 f5 22. Nd2 Ne7 23. c4 g6 24. Kg1 h5 25. Rfe1 Rf7 26. Qd3 Rdf8 27. Rcd1 f4 28. Rf1 Nc8 29. Nb3 Rc7 30. Rc1 Rcf7 31. c5 fxg3 32. fxg3 Rxf1+ 33. Rxf1 Rxf1+ 34. Kxf1 bxc5 35. bxc5 Nxc5 36. Qc4+ Kf8 37. Nxc5 dxc5 38. Bxe5 Nb6 39. Qd3 Ke7 40. Bf4 Qe6 41. Kg2 Nd7 42. Kf2 Ke8 43. Ke3 Ke7 44. Bg5+ Ke8 45. Bf4 Ke7 1/2-1/2

[Event "Belgrade Masinac"]
[Site "Belgrade"]
[Date "2007.02.16"]
[Round "1"]
[White "Irizanin, Radoje"]
[Black "Simic, Zeljko"]
[Result "1/2-1/2"]
[WhiteElo "2319"]
[BlackElo "2225"]
[PlyCount "57"]
[EventDate "2007.02.16"]
[EventType "schev"]
[EventRounds "10"]
[EventCountry "SRB"]
[SourceTitle "EXT 2024"]
[Source "ChessBase"]
[SourceDate "2023.10.10"]
[SourceVersion "1"]
[SourceVersionDate "2023.10.10"]
[SourceQuality "1"]

1. d4 Nf6 2. Bg5 c5 3. dxc5 Ne4 4. h4 Na6 5. Qd5 Qa5+ 6. c3 Nxg5 7. hxg5 Qxc5 8. Qd2 g6 9. Nf3 Bg7 10. e4 Nc7 11. a4 d5 12. exd5 Qxd5 13. Bb5+ Bd7 14. Qxd5 Nxd5 15. Bxd7+ Kxd7 16. Na3 Nxc3 17. bxc3 Bxc3+ 18. Ke2 Bxa1 19. Rxa1 h6 20. Nb5 Rac8 21. Nxa7 Rc2+ 22. Ke3 hxg5 23. Rb1 f6 24. Rxb7+ Rc7 25. Rxc7+ Kxc7 26. Nb5+ Kb6 27. Nc3 Kc5 28. Nd4 Kc4 29. Ne4 1/2-1/2

[Event "Senta op-A 10th"]
[Site "Senta"]
[Date "2006.07.22"]
[Round "3"]
[White "Simic, Zeljko"]
[Black "Pap, Misa"]
[Result "0-1"]
[WhiteElo "2182"]
[BlackElo "2409"]
[PlyCount "74"]
[EventDate "2006.07.21"]
[EventType "swiss"]
[EventRounds "9"]
[EventCountry "YUG"]
[SourceTitle "CBM 113 Extra"]
[Source "ChessBase"]
[SourceDate "2006.09.14"]
[SourceVersion "1"]
[SourceVersionDate "2006.09.14"]
[SourceQuality "1"]

1. e4 e5 2. Nf3 Nc6 3. Bc4 Nf6 4. d3 Bc5 5. 0-0 a6 6. Nc3 d6 7. Be3 Bg4 8. h3 Bh5 9. Re1 Bxe3 10. Rxe3 Nd4 11. g4 Bg6 12. Nd5 Nxd5 13. Bxd5 c6 14. Bb3 Nxb3 15. axb3 h5 16. Nh2 hxg4 17. Qxg4 Rh4 18. Qg3 Qe7 19. Rf1 0-0-0 20. f4 exf4 21. Rxf4 Rh5 22. Ng4 Rdh8 23. Qg2 Rg5 24. Rg3 Rh4 25. Rf1 Rhh5 26. Qf2 Kb8 27. Qf4 Rh4 28. Qe3 f5 29. Nh2 Rhh5 30. h4 Rxg3+ 31. Qxg3 Bh7 32. exf5 Bxf5 33. Re1 Qf6 34. Nf3 Bd7 35. c3 Rf5 36. Ng5 Rf4 37. b4 Rg4 0-1

[Event "Senta op-A 10th"]
[Site "Senta"]
[Date "2006.07.22"]
[Round "2"]
[White "Sinka, Istvan"]
[Black "Simic, Zeljko"]
[Result "1/2-1/2"]
[WhiteElo "2336"]
[BlackElo "2182"]
[PlyCount "90"]
[EventDate "2006.07.21"]
[EventType "swiss"]
[EventRounds "9"]
[EventCountry "YUG"]
[SourceTitle "CBM 113 Extra"]
[Source "ChessBase"]
[SourceDate "2006.09.14"]
[SourceVersion "1"]
[SourceVersionDate "2006.09.14"]
[SourceQuality "1"]

1. d4 Nf6 2. Nc3 d5 3. Bg5 e6 4. e4 dxe4 5. Nxe4 Be7 6. Bxf6 Bxf6 7. Nf3 Nd7 8. Qd2 0-0 9. 0-0-0 Qe7 10. Qf4 c5 11. dxc5 Nxc5 12. Nxf6+ Qxf6 13. Qxf6 gxf6 14. Bc4 e5 15. Bd5 Be6 16. Bxe6 fxe6 17. Rhe1 Rad8 18. Rxd8 Rxd8 19. Re3 a5 20. Nd2 b5 21. Ne4 Nxe4 22. Rxe4 Rd5 23. a4 b4 24. Rc4 Kf7 25. Rc6 e4 26. Ra6 Rf5 27. f3 e3 28. Kd1 Rd5+ 29. Ke2 Rd2+ 30. Kxe3 Rxc2 31. b3 Rxg2 32. Kd4 Rd2+ 33. Kc4 Rc2+ 34. Kb5 Rc3 35. Kxa5 Rxb3 36. Rb6 Rxf3 37. Kxb4 Rf1 38. Rb7+ Kg6 39. Re7 Re1 40. a5 f5 41. a6 Kf6 42. Rxh7 Ra1 43. Kb5 f4 44. Rh8 e5 45. h4 Kg7 1/2-1/2

[Event "Senta op 9th"]
[Site "Senta"]
[Date "2005.07.20"]
[Round "7"]
[White "Nestorovic, Nikola"]
[Black "Simic, Zeljko"]
[Result "1/2-1/2"]
[WhiteElo "2320"]
[BlackElo "2196"]
[PlyCount "55"]
[EventDate "2005.07.15"]
[EventType "swiss"]
[EventRounds "9"]
[EventCountry "SRB"]
[SourceTitle "EXT 2023"]
[Source "ChessBase"]
[SourceDate "2022.10.05"]
[SourceVersion "1"]
[SourceVersionDate "2022.10.05"]
[SourceQuality "1"]

1. e4 e6 2. d4 c5 3. d5 exd5 4. exd5 d6 5. Nc3 Nf6 6. Nf3 Be7 7. Bd3 0-0 8. h3 a6 9. a4 Nbd7 10. 0-0 Re8 11. Bf4 b6 12. Nd2 Nf8 13. Nc4 Ng6 14. Bg3 Bf8 15. Ra3 Ne5 16. Nxe5 dxe5 17. Bc4 Bd6 18. Re1 h6 19. Qe2 Bb7 20. Nd1 e4 21. Bxd6 Qxd6 22. Re3 Nxd5 23. Bxd5 Qxd5 24. Nc3 Qc6 25. Nxe4 Rxe4 26. Rxe4 Qxe4 27. Qxe4 Bxe4 28. Rxe4 1/2-1/2